[Event "BAN-ch rapid"]
[Site "Sheik"]
[Date "2023.02.25"]
[Round "4"]
[White "Jannatul, Priti"]
[Black "Shanjida, Shakib"]
[Result "1/2-1/2"]
[WhiteElo "1355"]
[BlackElo "1422"]
[PlyCount "76"]
[EventDate "2023.02.25"]
[EventType "swiss (rapid)"]
[EventRounds "7"]
[EventCountry "BAN"]
[SourceTitle "EXT 2024"]
[Source "ChessBase"]
[SourceDate "2023.10.10"]
[SourceVersion "1"]
[SourceVersionDate "2023.10.10"]
[SourceQuality "1"]

1. d4 Nf6 2. c4 d6 3. Nc3 Bf5 4. Nf3 Nbd7 5. e3 c6 6. Bd3 Bg4 7. Be2 e6 8. h3 Bh5 9. 0-0 Be7 10. Nh2 Bxe2 11. Nxe2 0-0 12. Qc2 e5 13. b3 e4 14. Nf4 d5 15. Bb2 Re8 16. Rac1 Nf8 17. cxd5 cxd5 18. Qc7 b6 19. Qb7 Ng6 20. Nxg6 fxg6 21. Qc7 Qxc7 22. Rxc7 Bd6 23. Rc6 Bxh2+ 24. Kxh2 Re7 25. Ba3 Rf7 26. Rfc1 h6 27. Rc7 Rxc7 28. Rxc7 a6 29. Be7 Ne8 30. Rd7 Kf7 31. Bh4+ Ke6 32. Re7+ Kd6 33. Rb7 Kc6 34. Re7 Kd6 35. Re5 Rc8 36. Bg3 Nf6 37. Rg5+ Ke7 38. Re5+ Kf7 1/2-1/2

[Event "BAN-chB (Women) 41st"]
[Site "Dhaka"]
[Date "2022.11.12"]
[Round "6"]
[White "Jannatul, Priti"]
[Black "Nusrat Jahan, Alo"]
[Result "0-1"]
[WhiteElo "1313"]
[BlackElo "1710"]
[PlyCount "82"]
[EventDate "2022.11.07"]
[EventType "swiss"]
[EventRounds "8"]
[EventCountry "BAN"]
[SourceTitle "EXT 2024"]
[Source "ChessBase"]
[SourceDate "2023.10.10"]
[SourceVersion "1"]
[SourceVersionDate "2023.10.10"]
[SourceQuality "1"]

1. d4 Nf6 2. c4 g6 3. Nf3 d6 4. e3 Bg7 5. Nc3 0-0 6. h3 Nbd7 7. g4 c6 8. g5 Nh5 9. Be2 e5 10. dxe5 dxe5 11. h4 Nc5 12. Nd2 f6 13. Bxh5 Nd3+ 14. Kf1 gxh5 15. Nce4 f5 16. Nf6+ Bxf6 17. gxf6 Kh8 18. Qxh5 Be6 19. Rg1 Rxf6 20. Ke2 e4 21. f4 Nxc1+ 22. Raxc1 Qd3+ 23. Kd1 Qxe3 24. Rf1 Rd8 25. Qe2 Qg3 26. Qf2 Qxf2 27. Rxf2 e3 28. Re2 Rxd2+ 29. Rxd2 exd2 30. Kxd2 Kg7 31. Kd3 Rg6 32. h5 Rg4 33. Re1 Kf6 34. Rf1 Rh4 35. c5 Rxh5 36. b4 Bxa2 37. Ra1 Rh2 38. Kc3 a6 39. Kd4 Bd5 40. Rg1 Rf2 41. Rg8 Bxg8 0-1